World Leader's Surnames by Definition Quiz Stats

 Plays Quiz not verified by Sporcle

Challenge
Share
Tweet
Embed
Score 0/20 Timer 06:00
0 Plays Today
Hint Surname % Correct
The fifth month of the yearTheresa May
92.6%
The garden where according to the account in Genesis Adam and Eve first livedSir Anthony Eden
87.1%
Having a color like coffee or chocolateGordon Brown
86.6%
A young sheepWilliam Lamb
84%
A male monarch of a major territorial unitWilliam Lyon Mackenzie King
80.2%
One who makes (a roof) with dried plant materialMargaret Thatcher
73.4%
A card of a suit any of whose cards will win over a card that is not of this suitDonald Trump
72.6%
A low densely branched shrubGeorge Bush
71.6%
A rule made by the government of a town, state, country, etc.Bonar Law
71.5%
A military officer in the army, air force, or marines who ranks above a captainJohn Major
65.2%
Hint Surname % Correct
A shallow part of a body of water that may be crossed by wadingGerald Ford
52.7%
The house of worship of Reform and some Conservative Jewish congregationsHenry John Temple
43%
To make a hole throughFranklin Pierce
36.2%
To permit as a right, privilege, or favorUlysses S. Grant
31%
A person who forms articles with a latheJohn Turner
21.8%
An attendant on a sovereign or lord in his bedchamberNeville Chamberlain
20.8%
An area of land that is covered with grass and small shrubsEdward Heath
12.2%
A small bird that is related to the swallowsPaul Martin
11.8%
A small portmanteau suitcase with flexible sides on a rigid frame that opens flat into two equal compartmentsWilliam Ewart Gladstone
10.4%
Relating to things that are not very important or seriousWilliam Petty
5%

You're not logged in!

Compare scores with friends on all Sporcle quizzes.
OR
Log In

You Might Also Like...

Show Comments

Extras

Top Quizzes Today


Score Distribution

Your Account Isn't Verified!

In order to create a playlist on Sporcle, you need to verify the email address you used during registration. Go to your Sporcle Settings to finish the process.

Report this User

Report this user for behavior that violates our Community Guidelines.

Details: